Delcy Morelos : (Registro nro. 20340)

Detalles MARC
000 -CABECERA
Campo de control 01249nam a2200301 a 4500
005 - FECHA Y HORA DE LA ULTIMA TRANSACCION
Campo de control 20181022082712.0
008 - ELEMENTOS DE LONGITUD FIJA—INFORMACION GENERAL
Campo de control 160229s2015 ck a gr 00010 spa d
020 ## - ISBN
ISBN 9789585862524 (Colección)
020 ## - ISBN
ISBN 9789585862548 (Color que soy)
040 ## - FUENTE DE CATALOGACIÓN
Agencia catalogadora original CO-BoBLA
Agencia transcriptora CO-BoBLA
Agencia Modificadora CO-BoIAVH
041 0# - IDIOMA
Código de idioma para texto/pista de sonido o título separado Español
044 ## - PAÍS DE PUBLICACIÓN
País de publicación Colombia
082 04 - NUMERO DE CLASIFICACION DECIMAL DEWEY
Número de clasificación 709.8
Número del ítem D69s1
245 10 - MENCION DE TITULO
Título Delcy Morelos :
Parte restante del título color que soy /
Mención de responsabilidad José Ignacio Roca, Alejandro Martín ; ilustradora Delcy Morelos ; traductora Erika Tánacs ; prologuista Gerardo Mosquera.
246 30 - FORMA VARIANTE DEL TITULO
Título propiamente dicho/forma breve del título Color que soy
250 ## - MENCION DE EDICION
Mención de edición Primera edición
260 ## - PUBLICACION, DISTRIBUCION, ETC. (PIE DE IMPRENTA)
Lugar de publicación, distribución, etc. Bogotá (Colombia) :
Nombre del editor, distribuidor, etc. Seguros Bolívar,
Fecha de publicación, distribución, etc. 2015.
300 ## - DESCRIPCION FISICA
Extensión 112 páginas :
Otros detalles físicos ilustraciones y fotografías ;
Dimensiones 29 x 25 cm.
490 0# - MENCION DE SERIE
Mención de serie Colección de Arte Contemporáneo Seguros Bolívar
504 ## - NOTA DE BIBLIOGRAFIA, ETC.
Nota de bibliografía Incluye referencias bibliográficas.
600 10 - ASIENTO SECUNDARIO DE MATERIA - NOMBRE PERSONAL
Nombre persona Morelos, Delcy
Fechas asociadas con el nombre 1967-
Subdivisión general Trabajos pictóricos
Subdivisión de forma Exposiciones
9 (RLIN) 101382
650 24 - ASIENTO SECUNDARIO DE MATERIA - TERMINO TEMATICO
Término temático o nombre geográfico como elemento de entrada Arte colombiano
Subdivisión de forma Exposiciones
-- Catálogos.
9 (RLIN) 101369
650 24 - ASIENTO SECUNDARIO DE MATERIA - TERMINO TEMATICO
Término temático o nombre geográfico como elemento de entrada Artistas plásticos colombianos
Subdivisión de forma Exposiciones
-- Catálogos
9 (RLIN) 101370
700 1# - ASIENTO SECUNDARIO - NOMBRE PERSONAL
Nombre personal Roca, José Ignacio
9 (RLIN) 101371
700 1# - ASIENTO SECUNDARIO - NOMBRE PERSONAL
Nombre personal Martín, Alejandro
9 (RLIN) 101372
700 1# - ASIENTO SECUNDARIO - NOMBRE PERSONAL
Nombre personal Morelos, Delcy
Fechas asociadas con el nombre 1967-
Término de relación ilustradora
9 (RLIN) 101382
942 ## - ELEMENTOS ADICIONALES (KOHA)
Sistema de clasificación Dewey Decimal Classification
Tipo de ítem Libro
Existencias
Withdrawn status Lost status Sistema de Clasificación Damaged status No para préstamo Colección Inventariado Ubicación Permanente Ubicación actual Fecha de adquisición Total Checkouts Número topográfico Inventario / Código de Barras Date last seen Ejemplar Price effective from Forma de adquisición Tipo de material
    Dewey Decimal Classification     General Inventariado 2018 Bogotá Bogotá 22/10/2018   LB-709.8 D69s1 030356 22/10/2018 Ej. 1 22/10/2018 Donación Libro